|
|
|
|
| LEADER |
00000nam0a2200000 4500 |
| 001 |
293710 |
| 005 |
20231102000624.0 |
| 035 |
|
|
|a (RuTPU)RU\TPU\book\318750
|
| 090 |
|
|
|a 293710
|
| 100 |
|
|
|a 20150505d1983 k y0rusy5003 ca
|
| 101 |
0 |
|
|a rus
|
| 102 |
|
|
|a RU
|
| 105 |
|
|
|a a z 001zy
|
| 200 |
1 |
|
|a Инженерно-геологические проблемы в гидротехническом и энергетическом строительстве
|e сборник научных трудов
|f Всесоюзный научно-исследовательский институт гидротехники им. Б. Е. Веденеева (ВНИИГ)
|
| 210 |
|
|
|a Ленинград
|c Энергоатомиздат
|d 1983
|
| 215 |
|
|
|a 71 с.
|c ил.
|d 26 см
|
| 225 |
1 |
|
|a Известия ВНИИГ им. Б. Е. Веденеева
|v Т. 165
|
| 320 |
|
|
|a Библиография в конце статей
|
| 606 |
1 |
|
|a Гидротехническое строительство
|x Инженерно-геологические исследования
|x Документация
|2 stltpush
|3 (RuTPU)RU\TPU\subj\7002
|9 34747
|
| 610 |
1 |
|
|a энергетическое строительство
|
| 610 |
1 |
|
|a скальные массивы
|
| 610 |
1 |
|
|a блочность
|
| 610 |
1 |
|
|a оценка
|
| 610 |
1 |
|
|a оползни
|
| 610 |
1 |
|
|a изучение
|
| 610 |
1 |
|
|a сейсморазведка
|
| 610 |
1 |
|
|a Чарвакская ГЭС
|
| 610 |
1 |
|
|a гидроэлектростанции
|
| 610 |
1 |
|
|a гидрогеологическая оценка
|
| 610 |
1 |
|
|a дренажные воды
|
| 610 |
1 |
|
|a температурный режим
|
| 610 |
1 |
|
|a гидрохимический режим
|
| 610 |
1 |
|
|a полускальные породы
|
| 610 |
1 |
|
|a выветривание
|
| 610 |
1 |
|
|a районирование
|
| 610 |
1 |
|
|a глинистые грунты
|
| 610 |
1 |
|
|a прочность
|
| 610 |
1 |
|
|a деформируемость
|
| 610 |
1 |
|
|a растяжение
|
| 610 |
1 |
|
|a сжатие
|
| 610 |
1 |
|
|a анизотропные грунты
|
| 610 |
1 |
|
|a предельно-напряженное состояние
|
| 675 |
|
|
|a 627.8.05
|z rus
|v 4
|
| 712 |
0 |
2 |
|a Всесоюзный научно-исследовательский институт гидротехники им. Б. Е. Веденеева (ВНИИГ)
|2 stltpush
|3 (RuTPU)RU\TPU\col\11485
|
| 801 |
|
0 |
|a RU
|b RuMRKP
|c 19950704
|g psbo
|
| 801 |
|
1 |
|a RU
|b 63413507
|c 20150505
|
| 801 |
|
2 |
|a RU
|b 63413507
|c 20170720
|g RCR
|
| 942 |
|
|
|c BK
|